| 000 | 00429nam a22001697a 4500 | ||
|---|---|---|---|
| 005 | 20180223141024.0 | ||
| 008 | 160615b xxu||||| |||| 00| 0 eng d | ||
| 020 | _a81-259-1665-2 | ||
| 041 | _aeng | ||
| 082 |
_b7697 _a320 |
||
| 100 |
_aSUBRAHMANYAM, B.V.R _94158 |
||
| 245 | _aConduct in Government | ||
| 260 |
_aNew Delhi _bVikas Publishing House (P) Ltd. _c2005 |
||
| 300 | _a189 | ||
| 650 |
_aManagement _9241 |
||
| 942 | _cBK | ||
| 999 |
_c2748 _d2747 |
||